| 000 | 00460nam a2200169 a 4500 | ||
|---|---|---|---|
| 001 | 6587 | ||
| 005 | 20180713190448.0 | ||
| 008 | 140415s1991 mx 000 0 spa d | ||
| 041 | _aspa | ||
| 082 |
_a378.199 _bFUE |
||
| 100 | 1 | _aFuentes N., Raúl,. | |
| 245 | 1 | 0 | _aDISEÑO CURRICULAR PARA LAS ESCUELAS DE COMUNICACION |
| 250 | _a1a ed. | ||
| 260 |
_aMEXICO : _bTRILLAS, _c1991 |
||
| 300 | _a183 | ||
| 650 | 1 | 4 |
_aCOMUNICACION _xPLANES DE ESTUDIO |
| 999 |
_c6587 _d6587 |
||